Workforce ownership of space in a space sharing environment (Record no. 81054)

MARC details
000 -LEADER
fixed length control field 01034cab a22002175a 4500
001 - CONTROL NUMBER
control field L146152
008 - FIXED-LENGTH DATA ELEMENTS--GENERAL INFORMATION
fixed length control field 081211s2008 xxk f 000 0 eng d
035 ## - SYSTEM CONTROL NUMBER
System control number (Sirsi) u146152
041 0# - LANGUAGE CODE
Language code of text/sound track or separate title eng
100 1# - MAIN ENTRY--PERSONAL NAME
Personal name Pitt, Michael
245 00 - TITLE STATEMENT
Title Workforce ownership of space in a space sharing environment
260 ## - PUBLICATION, DISTRIBUTION, ETC.
Date of publication, distribution, etc. 2008
490 #0 - SERIES STATEMENT
Series statement Journal of Facilities Management
Volume/sequential designation 6(4) 2008, 290-302(13)
520 ## - SUMMARY, ETC.
Summary, etc. Considers whether a happy balance can be struck in office space design between the commercial requirements of flexibility and human needs for privacy, identity, status and personal control. Provides a literature review in this area. Concludes that the culture of an organisation is the most important element in determining whether a workforce can own their own workspace in a space sharing environment.
590 ## - LOCAL NOTE (RLIN)
Local note KA
651 #4 - SUBJECT ADDED ENTRY--GEOGRAPHIC NAME
Geographic name United Kingdom
Chronological subdivision
690 ## - LOCAL SUBJECT ADDED ENTRY--TOPICAL TERM (OCLC, RLIN)
Topical term or geographic name as entry element MANAGEMENT-FACILITIES MANAGEMENT
690 ## - LOCAL SUBJECT ADDED ENTRY--TOPICAL TERM (OCLC, RLIN)
Topical term or geographic name as entry element PROPERTY-COMMERCIAL PROPERTY-OFFICE PROPERTY-OFFICE PROPERTY MARKET
700 1# - ADDED ENTRY--PERSONAL NAME
Personal name Bennett, James
942 ## - ADDED ENTRY ELEMENTS (KOHA)
Suppress in OPAC 0
Holdings
Withdrawn status Lost status Source of classification or shelving scheme Damaged status Not for loan Home library Current library Shelving location Date acquired Total Checkouts Full call number Barcode Date last seen Copy number Price effective from Koha item type
    Dewey Decimal Classification     London London Journal article 11/12/2008   L146152 146152-1001 06/08/2019 1 06/08/2019 Journal article